Brasilia, 50 años (Record no. 179959)
[ view plain ]
| 000 -LEADER | |
|---|---|
| campo de control de longitud fija | 01205nam a2200265 4500 |
| 001 - NÚMERO DE CONTROL | |
| campo de control | 179959 |
| 003 - IDENTIFICADOR DE NÚMERO DE CONTROL | |
| campo de control | ES-MaACL |
| 005 - FECHA Y HORA DE LA ÚLTIMA TRANSACCIÓN | |
| campo de control | 20230927200850.0 |
| 008 - DATOS DE LONGITUD FIJA--INFORMACIÓN GENERAL | |
| campo de control de longitud fija | 120307s2010 sp a | |||||||| | spa d |
| 080 ## - NÚMERO DE LA CLASIFICACIÓN DECIMAL UNIVERSAL | |
| Número de la Clasificación Decimal Universal | 711.4(817.4 B.)(060.64) |
| 080 ## - NÚMERO DE LA CLASIFICACIÓN DECIMAL UNIVERSAL | |
| Número de la Clasificación Decimal Universal | 72(817.4 B.)(060.64) |
| 245 00 - MENCIÓN DEL TÍTULO | |
| Título | Brasilia, 50 años |
| Resto del título | : medio siglo de la capital de Brasil : [exposição = exposición] / |
| Mención de responsabilidad, etc. | [coordenação geral e curadoria = coordinación general y comisariado, Danielle Athayde ; textos = textos, Andrey Rosenthal Schlee ... et al.]. |
| 246 3# - FORMA VARIANTE DEL TITULO | |
| Título propio/Titulo breve | Brasilia, cincuenta años |
| 260 ## - PUBLICACIÓN, DISTRIBUCIÓN, ETC. | |
| Lugar de publicación, distribución, etc. | [Madrid] : |
| Nombre del editor, distribuidor, etc. | Ministerio de Vivienda, Centro de Publicaciones : |
| -- | Fundación Cultural Hispano Brasileña, |
| Fecha de publicación, distribución, etc. | D.L. 2010. |
| 300 ## - DESCRIPCIÓN FÍSICA | |
| Extensión | 175 p. : |
| Otras características físicas | il. col. y n. ; |
| Dimensiones | 29 x 30 cm. |
| 546 ## - NOTA DE IDIOMA | |
| Nota de lengua/lenguaje | Textos en español y portugués. |
| 650 #4 - PUNTO DE ACCESO ADICIONAL DE MATERIA--TÉRMINO DE MATERIA | |
| Término de materia o nombre geográfico como elemento de entrada | Urbanismo- |
| Subdivisión geográfica | Brasilia- |
| Subdivisión de forma | Exposiciones. |
| 9 (RLIN) | 149536 |
| 650 #4 - PUNTO DE ACCESO ADICIONAL DE MATERIA--TÉRMINO DE MATERIA | |
| Término de materia o nombre geográfico como elemento de entrada | Arquitectura- |
| Subdivisión geográfica | Brasilia- |
| Subdivisión de forma | Exposiciones. |
| 9 (RLIN) | 149537 |
| 655 #7 - TERMINO DE INDIZACIÓN--GENERO/FORMA | |
| Fuente del término | tgfbne |
| 9 (RLIN) | 193628 |
| Datos o término principal de género/forma | Catálogos de exposiciones |
| 700 1# - ENTRADA AGREGADA--NOMBRE PERSONAL | |
| Nombre de persona | Athayde, Danielle. |
| 9 (RLIN) | 149538 |
| 700 1# - ENTRADA AGREGADA--NOMBRE PERSONAL | |
| Nombre de persona | Schlee, Andrey Rosenthal. |
| 9 (RLIN) | 149539 |
| 852 ## - LOCALIZACIÓN | |
| Ubicación | ES-MaACL |
| Número de control de estantería | A-12040 |
| itemnumber | 186865 |
| Sublocalización o colección | R.148526 |
| Ubicación en estantería | Depósito 1 |
| Signatura antigua | Olim: N-5045 |
| 942 ## - ELEMENTOS DE ENTRADA SECUNDARIOS (KOHA) | |
| Fuente del sistema de clasificación o colocación | Clasificación decimal universal |
| Tipo de ítem Koha | Libro impreso |
| Estatus retirado | Estado de pérdida | Fuente del sistema de clasificación o colocación | Estado de daño | No para préstamo | Biblioteca de origen | Biblioteca actual | Ubicación en estantería | Fecha de adquisición | Fuente de adquisición | Total de préstamos | Signatura topográfica completa | Código de barras | Visto por última vez | Precio de reemplazo | Tipo de ítem Koha |
|---|---|---|---|---|---|---|---|---|---|---|---|---|---|---|---|
| Clasificación decimal universal | Biblioteca del Ateneo de Madrid | Biblioteca del Ateneo de Madrid | Depósito 1 | 07/03/2012 | Donación | A-12040 | 1189060 | 23/02/2023 | 23/02/2023 | Libro impreso |
